|
|
|
|
| LEADER |
00000cam a2200000 c 4500 |
| 001 |
235776793 |
| 003 |
DE-627 |
| 005 |
20250409173708.0 |
| 007 |
tu |
| 008 |
971028s1997 gw ||||| 00| ||ger c |
| 015 |
|
|
|a 97,N43,0073
|2 dnb
|
| 015 |
|
|
|a 98,A09,0493
|2 dnb
|
| 016 |
7 |
|
|a 951602772
|2 DE-101
|
| 020 |
|
|
|a 3415023737
|c : ca. DM 32.00, ca. S 234.00, ca. sfr 29.50 (kart.)
|9 3-415-02373-7
|
| 035 |
|
|
|a (DE-627)235776793
|
| 035 |
|
|
|a (DE-576)063887606
|
| 035 |
|
|
|a (DE-599)DNB951602772
|
| 035 |
|
|
|a (OCoLC)75798969
|
| 035 |
|
|
|a (OCoLC)75798969
|
| 040 |
|
|
|a DE-627
|b ger
|c DE-627
|e rakwb
|
| 041 |
|
|
|a ger
|
| 044 |
|
|
|c XA-DE
|
| 084 |
|
|
|a SOP 1440
|2 sfb
|
| 084 |
|
|
|a S 656
|2 sfb
|
| 084 |
|
|
|a R 649
|2 sfb
|
| 084 |
|
|
|a R 454,9
|2 sfb
|
| 084 |
|
|
|a POL 916
|2 sfb
|
| 084 |
|
|
|a 20
|2 sdnb
|
| 084 |
|
|
|a PN 356
|2 rvk
|0 (DE-625)rvk/137436:
|
| 084 |
|
|
|a MS 3800
|2 rvk
|0 (DE-625)rvk/123688:
|
| 084 |
|
|
|a DS 7300
|2 rvk
|0 (DE-625)rvk/19966:
|
| 084 |
|
|
|a 71.39
|2 bkl
|
| 084 |
|
|
|a 71.83
|2 bkl
|
| 084 |
|
|
|a 79.21
|2 bkl
|
| 100 |
1 |
|
|a Ehmann, Eugen
|d 1958-
|0 (DE-588)111519578
|0 (DE-627)676302777
|0 (DE-576)353283088
|4 aut
|
| 109 |
|
|
|a Ehmann, Eugen 1958-
|
| 245 |
1 |
0 |
|a Obdachlosigkeit
|b ein Leitfaden für Kommunen
|c von Eugen Ehmann. Hrsg. von der Bayerischen Verwaltungsschule
|
| 263 |
|
|
|a kart. : ca. DM 32.00, ca. S 234.00, ca. sfr 29.50
|
| 264 |
|
1 |
|a Stuttgart
|a München
|a Hannover
|a Berlin
|a Weimar
|a Dresden
|b Boorberg
|c 1997
|
| 300 |
|
|
|a 119 S
|c 21 cm
|
| 336 |
|
|
|a Text
|b txt
|2 rdacontent
|
| 337 |
|
|
|a ohne Hilfsmittel zu benutzen
|b n
|2 rdamedia
|
| 338 |
|
|
|a Band
|b nc
|2 rdacarrier
|
| 490 |
1 |
|
|a Fortbildung & Praxis
|v 7
|
| 583 |
1 |
|
|a Archivierung/Langzeitarchivierung gewährleistet
|f PEBW
|x XA-DE-BW
|2 pdager
|5 DE-24
|
| 583 |
1 |
|
|a Archivierung/Langzeitarchivierung gewährleistet
|f PENI
|x XA-DE-NI
|2 pdager
|5 DE-35
|
| 583 |
1 |
|
|a Archivierung prüfen
|c 20240324
|f DE-4165
|z 3
|2 pdager
|
| 689 |
0 |
0 |
|d g
|0 (DE-588)4011882-4
|0 (DE-627)104704861
|0 (DE-576)208896155
|a Deutschland
|2 gnd
|
| 689 |
0 |
1 |
|d s
|0 (DE-588)4042870-9
|0 (DE-627)106212338
|0 (DE-576)209052848
|a Obdachlosigkeit
|2 gnd
|
| 689 |
0 |
2 |
|d s
|0 (DE-588)4117364-8
|0 (DE-627)105799874
|0 (DE-576)209509309
|a Verwaltungshandeln
|2 gnd
|
| 689 |
0 |
3 |
|d s
|0 (DE-588)4019990-3
|0 (DE-627)104704853
|0 (DE-576)208931457
|a Gemeindeverwaltung
|2 gnd
|
| 689 |
0 |
|
|5 DE-101
|
| 830 |
|
0 |
|a Fortbildung & Praxis
|v 7
|9 700
|w (DE-627)38912544X
|w (DE-576)039331776
|w (DE-600)2148044-8
|7 am
|
| 856 |
4 |
2 |
|u http://www.gbv.de/dms/hbz/toc/ht008264220.pdf
|m V:DE-605
|q pdf/application
|v 2008-11-15
|x Verlag
|y Inhaltsverzeichnis
|3 Inhaltsverzeichnis
|7 1
|
| 935 |
|
|
|i Blocktest
|
| 936 |
r |
v |
|a PN 356
|b Monografien
|k Rechtswissenschaft
|k Verwaltungswissenschaften und Verwaltungsrecht
|k Besonderes Verwaltungsrecht
|k Recht der öffentlichen Sicherheit und Ordnung
|k Allgemeines (mehrere Bundesländer insgesamt betreffend)
|k Monografien
|0 (DE-627)1270920332
|0 (DE-625)rvk/137436:
|0 (DE-576)200920332
|
| 936 |
r |
v |
|a MS 3800
|b Obdachlosigkeit, Wohnungslosigkeit
|k Soziologie
|k Spezielle Soziologien
|k Soziologie der Minoritäten und Randgruppen
|k Obdachlosigkeit, Wohnungslosigkeit
|0 (DE-627)1270711245
|0 (DE-625)rvk/123688:
|0 (DE-576)200711245
|
| 936 |
r |
v |
|a DS 7300
|b Betreuung von Armen und Obdachlosen
|k Pädagogik
|k Sozialpädagogik, Sozialarbeit
|k Berufsfelder
|k Betreuung von Armen und Obdachlosen
|0 (DE-627)127078448X
|0 (DE-625)rvk/19966:
|0 (DE-576)20078448X
|
| 936 |
b |
k |
|a 71.39
|j Soziale Gruppen: Sonstiges
|0 (DE-627)106412647
|
| 936 |
b |
k |
|a 71.83
|j Wohnungspolitik
|x Soziologie
|0 (DE-627)106420445
|
| 936 |
b |
k |
|a 79.21
|j Obdachlosenhilfe
|0 (DE-627)106416200
|
| 951 |
|
|
|a BO
|
| ELC |
|
|
|b 1
|
| LOK |
|
|
|0 000 xxxxxcx a22 zn 4500
|
| LOK |
|
|
|0 001 3229868048
|
| LOK |
|
|
|0 003 DE-627
|
| LOK |
|
|
|0 004 235776793
|
| LOK |
|
|
|0 005 20151116135826
|
| LOK |
|
|
|0 008 150728||||||||||||||||ger|||||||
|
| LOK |
|
|
|0 035
|a (DE-21-110)kd54748
|
| LOK |
|
|
|0 040
|a DE-21-110
|c DE-627
|d DE-21-110
|
| LOK |
|
|
|0 689
|a s
|a Obdachlosigkeit
|
| LOK |
|
|
|0 689
|a s
|a Bekämpfung
|
| LOK |
|
|
|0 852
|z Kein Bestand am IfK; Nachweis für KrimDok
|
| LOK |
|
|
|0 852
|a DE-21-110
|
| LOK |
|
|
|0 852 1
|9 00
|
| LOK |
|
|
|0 935
|a k110
|
| LOK |
|
|
|0 939
|a 28-07-15
|b l01
|
| ORI |
|
|
|a SA-MARC-krimdoka001.raw
|
| TIM |
|
|
|a 100019901003_100020261231
|b 1990-10-03 - 2026
|